| 000 -LEADER | |
|---|---|
| fixed length control field | 00656nam a22002057a 4500 |
| 005 - DATE AND TIME OF LATEST TRANSACTION | |
| control field | 20250420134825.0 |
| 008 - FIXED-LENGTH DATA ELEMENTS--GENERAL INFORMATION | |
| fixed length control field | 211118b ||||| |||| 00| 0 eng d |
| 020 ## - INTERNATIONAL STANDARD BOOK NUMBER | |
| International Standard Book Number | 9780521097857 |
| 040 ## - CATALOGING SOURCE | |
| Transcribing agency | KCST |
| 082 ## - DEWEY DECIMAL CLASSIFICATION NUMBER | |
| Classification number | 301.045 |
| Item number | Gi Ca |
| 100 ## - MAIN ENTRY--PERSONAL NAME | |
| Personal name | Giddens, Anthony |
| 9 (RLIN) | 5620 |
| 245 ## - TITLE STATEMENT | |
| Title | Capitalism and modern social theory : |
| Remainder of title | an analysis of the writings of Marx, Durkheim and Max Weber / |
| Statement of responsibility, etc. | Anthony Giddens |
| 260 ## - PUBLICATION, DISTRIBUTION, ETC. | |
| Place of publication, distribution, etc. | Cambridge [U.K.] : |
| Name of publisher, distributor, etc. | University Press, |
| Date of publication, distribution, etc. | 1971. |
| 300 ## - PHYSICAL DESCRIPTION | |
| Extent | 261 p. |
| 650 ## - SUBJECT ADDED ENTRY--TOPICAL TERM | |
| Topical term or geographic name entry element | Marx, Karl |
| Chronological subdivision | 1818-1883. |
| 9 (RLIN) | 5621 |
| 650 ## - SUBJECT ADDED ENTRY--TOPICAL TERM | |
| Topical term or geographic name entry element | Durkheim, Émile |
| Chronological subdivision | 1858-1917. |
| 9 (RLIN) | 5622 |
| 650 ## - SUBJECT ADDED ENTRY--TOPICAL TERM | |
| Topical term or geographic name entry element | Weber, Max |
| Chronological subdivision | 1864-1920. |
| 9 (RLIN) | 5623 |
| 942 ## - ADDED ENTRY ELEMENTS (KOHA) | |
| Koha item type | Book |
| 942 ## - ADDED ENTRY ELEMENTS (KOHA) | |
| Source of classification or shelving scheme | Dewey Decimal Classification |
| Withdrawn status | Lost status | Source of classification or shelving scheme | Damaged status | Not for loan | Home library | Current library | Date acquired | Cost, normal purchase price | Total checkouts | Full call number | Barcode | Date last seen | Cost, replacement price | Price effective from | Koha item type |
|---|---|---|---|---|---|---|---|---|---|---|---|---|---|---|---|
| Dewey Decimal Classification | KCST Library | KCST Library | 18/11/2021 | 6.50 | 301.045 Gi Ca | 1000001028 | 18/11/2021 | 6.50 | 18/11/2021 | Book |